Normal view MARC view

Entry Topical Term

Number of records used in: 1

001 - CONTROL NUMBER

  • control field: 111185

003 - CONTROL NUMBER IDENTIFIER

  • control field: OSt

005 - DATE AND TIME OF LATEST TRANSACTION

  • control field: 20230523112211.0

008 - FIXED-LENGTH DATA ELEMENTS

  • fixed length control field: 230523|| aca||aabn | a|a d

040 ## - CATALOGING SOURCE

  • Original cataloging agency: OSt
  • Transcribing agency: OSt

150 ## - HEADING--TOPICAL TERM

  • Topical term or geographic name entry element: Mathematics

670 ## - SOURCE DATA FOUND

  • Source citation: Work cat.: (OSt)167928: SHARMA (Pawan);SHARMA (Neha);SINGH (Suraj) 111184, UGC CSIR NET/SET JRF & LS: Mathematical sciences, 2016